Race, class, and gender : an anthology

Αποθηκεύτηκε σε:
Λεπτομέρειες βιβλιογραφικής εγγραφής
Άλλοι συγγραφείς: Andersen, Margaret L. (Επιμελητής έκδοσης), Collins, Patricia Hill 1948- (Επιμελητής έκδοσης)
Μορφή: Βιβλίο
Γλώσσα:English
Δημοσίευση: Belmont : Wadsworth, c1995
Έκδοση:2nd ed.
Θέματα:
Ετικέτες: Προσθήκη ετικέτας
Δεν υπάρχουν, Καταχωρήστε ετικέτα πρώτοι!

MARC

LEADER 00000nam a2200000 i 4500
001 1/68951
008 981030s1995 eng d
020 |a 0-534-13566-8 
035 |l 10030293 
040 |a GR-MY-UA  |b gre  |e aacr 
041 0 |a eng 
082 0 |a 305 
245 1 0 |a Race, class, and gender :  |b an anthology /  |c Margaret L. Anderson, Patricia Hill Collins 
250 |a 2nd ed. 
260 |a Belmont :   |b Wadsworth,   |c c1995 
300 |a 560 p. 
504 |a Includes bibliographical references 
650 0 0 |a Social classes  |z United States. 
650 0 0 |a Sex role  |z United States. 
650 0 0 |a Homosexuality  |z United States. 
650 0 0 |a Discrimination  |z United States. 
651 0 |a United States  |x Social conditions  |y 1980- 
651 0 |a United States  |x Race relations. 
700 1 |a Andersen, Margaret L.  |4 edt 
700 1 |a Collins, Patricia Hill  |d 1948-  |4 edt 
852 |a INST  |b LESVOS  |e 19981030  |h 305 RAC  |p 005100012765  |q 005100012765  |t BK  |y 0 
901 |a BIBL-1998-3 
909 |a Λ  |b 060086 
922 |a 1ΕΛΗ  |b 199810  |c ΚΠΣ/ΤΚ  |d ΠΑΠΑΣΩΤΗΡΙΟΥ 
950 |a 103-1998-07-27